000 00428nam a2200157 i 4500
001 89801
003 ES-MaACL
005 20230906180253.0
007 t|
008 050113s1912 be ||||1| spa d
100 1 _aLaurent, Marcel.
_970634
245 1 4 _aLes ivoires pregothiques conserves en Belgique /
_cMarcel Laurent.
260 _aBruxelles :
_bVromant,
_c1912.
300 _a158 p. ;
_c25 cm.
852 _aES-MaACL
_jF-9910
999 _c89801
_d89801